Statistics for Least Guessed Asian Countries on JetPunk

Click here to take the quiz!

General Stats

  • This quiz has been taken 127 times
    (106 since last reset)
  • The average score is 18 of 21

Answer Stats

% GuessedCountry% Correct
64%Kyrgyzstan
92%
68%Tajikistan
92%
75%Turkmenistan
92%
72%Bhutan
90%
78%Uzbekistan
89%
70%Azerbaijan
88%
59%Bahrain
88%
71%Qatar
88%
60%Brunei
87%
69%Lebanon
86%
69%Armenia
85%
68%Georgia
85%
54%Maldives
84%
77%United Arab Emirates
83%
75%Syria
81%
56%East Timor
80%
76%Jordan
80%
69%Kuwait
79%
78%Myanmar
79%
74%Singapore
79%
54%Cyprus
61%

Score Distribution

Percentile by Number Answered

Percent of People with Each Score

Your Score History

You have not taken this quiz since the last reset